Psicología del niño
Salvato in:
| Autori principali: | , |
|---|---|
| Natura: | Libro |
| Lingua: | spagnolo |
| Pubblicazione: |
Madrid
Morata
1978
|
| Serie: | Coleccion Que Sais-Je, 369
|
| Soggetti: | |
| Tags: |
Aggiungi Tag
Nessun Tag, puoi essere il primo ad aggiungerne!!
|
MARC
| LEADER | 00000nam a2200000 a 4500 | ||
|---|---|---|---|
| 001 | UCY3784 | ||
| 003 | CL-VaPUC | ||
| 008 | 950118e19780000SP |||||||||||||||||spa|d | ||
| 082 | 0 | 4 | |a 155.4 |b PIA |2 21 |
| 100 | 0 | |a Piaget, Jean |e author |9 308149 | |
| 700 | |a Inhelder, Bärbel |e author |9 585720 | ||
| 245 | 1 | 0 | |a Psicología del niño |
| 300 | |a 158 p | ||
| 942 | |c BK | ||
| 945 | |d 19950118 00:00:00 |a rbrito | ||
| 260 | |a Madrid |b Morata |c 1978 | ||
| 650 | 0 | |a Psicología del niño |9 307305 | |
| 583 | |a last modification |c 20130106 11:32:41 |k Rodrigo Vera | ||
| 490 | 0 | |a Coleccion Que Sais-Je, 369 | |
| 999 | |c 231834 |d 231832 | ||
| 952 | |0 0 |1 0 |4 0 |6 155_400000000000000_PIA_1978 |7 0 |8 R |9 235581 |a BIBEDU |b BIBEDU |d 2019-11-15 |i 305036K |o 155.4 PIA 1978 |p 305036K |r 2019-11-15 |w 2019-11-15 |y BK_R |k EDU | ||
| 952 | |0 0 |1 0 |4 0 |6 155_400000000000000_PIA_1978 |7 0 |8 R |9 235582 |a BIBEDU |b BIBEDU |d 2019-11-15 |i 3050378 |l 2 |o 155.4 PIA 1978 |p 3050378 |r 2022-03-29 |s 2022-03-22 |w 2019-11-15 |y BK_R |k EDU | ||
| 952 | |0 0 |1 0 |4 0 |6 155_400000000000000_PIA_1978 |7 0 |8 A |9 235583 |a BIBEDU |b BIBEDU |d 2019-11-15 |i 3050386 |o 155.4 PIA 1978 |p 3050386 |r 2019-11-15 |w 2019-11-15 |y BK |k EDU | ||
| 952 | |0 0 |1 0 |4 0 |6 155_400000000000000_PIA_1978 |7 0 |8 A |9 235584 |a BIBEDU |b BIBEDU |d 2019-11-15 |i 3050394 |o 155.4 PIA 1978 |p 3050394 |r 2019-11-15 |w 2019-11-15 |y BK |k EDU | ||
| 952 | |0 0 |1 0 |4 0 |6 155_400000000000000_PIA_1978 |7 0 |8 R |9 235585 |a BIBEDU |b BIBEDU |d 2019-11-15 |i 3050564 |o 155.4 PIA 1978 |p 3050564 |r 2019-11-15 |w 2019-11-15 |y BK_R |k EDU | ||
| 952 | |0 0 |1 0 |4 0 |6 155_400000000000000_PIA_1978 |7 0 |8 R |9 235586 |a BIBEDU |b BIBEDU |d 2019-11-15 |i 3050572 |o 155.4 PIA 1978 |p 3050572 |r 2019-11-15 |w 2019-11-15 |y BK_R |k EDU | ||
| 952 | |0 0 |1 0 |4 0 |6 155_400000000000000_PIA_1978 |7 0 |8 A |9 235587 |a BIBEDU |b BIBEDU |d 2019-11-15 |i 3050580 |o 155.4 PIA 1978 |p 3050580 |r 2019-11-15 |w 2019-11-15 |y BK |k EDU | ||
| 952 | |0 0 |1 0 |4 0 |6 155_400000000000000_PIA_1978 |7 0 |8 A |9 235588 |a BIBEDU |b BIBEDU |d 2019-11-15 |i 3050599 |o 155.4 PIA 1978 |p 3050599 |r 2019-11-15 |w 2019-11-15 |y BK |k EDU | ||